ბათუმის შოთა რუსთაველის სახელმწიფო უნივერსიტეტის ბიბლიოთეკა

ასი გალექსილი გერმანული ანდაზა / (ბიბ.ჩანაწერი № 54965)

000 -ლიდერი
ფიქსირებული სიგრძის საკონტროლო ველი 01246nam a2200265Ia 4500
001 - საკონტროლო ნომერი
საკონტროლო ველი 22036
003 - საკონტროლო ნომრის იდენტიფიკატორი
საკონტროლო ველი GE_BSU
005 - ბოლო ოპერაციის თარიღი და დრო
საკონტროლო ველი 20220928174844.0
008 - ფიქსირებული სიგრძის მონაცემთა ელემენტები - ზოგადი ინფორმაცია
ფიქსირებული სიგრძის საკონტროლო ველი 181216s ||||ge |||||||||||||| ||geo||
040 ## - კატალოგიზაციის წყარო
Transcribing agency GE_BSU
041 ## - ენის კოდი
Language code of text/sound track or separate title geo
080 ## - უნივერსალური ათობითი კლასიფიკაციის ინდექსი
Universal Decimal Classification number 821.112.2-84(075.8):811.112.2(075.8) ბ-90
100 ## - მთავარი ჩანაწერი - პიროვნების სახელი
Personal name ბრაუნი, ედუარდ
9 (RLIN) 14889
245 ## - ცნობა სათაურის შესახებ
Title ასი გალექსილი გერმანული ანდაზა /
Statement of responsibility, etc ედუარდ ბრაუნი, კარლო ჯორჯანელი ; რედ. ვ. ფურცელაძე.
264 ## - წარმოების, გამოცემის, დისტრიბუციის და სხვა ცნობები
გამოცემის, წარმოების, დისტრიბუციის... ადგილი თბილისი :
გამოცემის, წარმოების, დისტრიბუციის... სახელწოდება თბილ. უნ-ტის გამ-ბა,
გამოცემის, წარმოების, დისტრიბუციის... თარიღი 1990.
300 ## - ფიზიკური აღწერა
Extent 188 გვ. ;
Dimensions 20 სმ.
500 ## - ზოგადი შენიშვნა
General note ყდის სათაური = Hundert gereimte deutshe Sprichworter
653 ## - INDEX TERM--UNCONTROLLED
Uncontrolled term ასი გალექსილი გერმანული ანდაზა
653 ## - INDEX TERM--UNCONTROLLED
Uncontrolled term გერმანული ენა
653 ## - INDEX TERM--UNCONTROLLED
Uncontrolled term გერმანული ლიტერატურა
700 ## - ADDED ENTRY--PERSONAL NAME
Personal name ჯორჯანელი, კარლო
Relator term ავტორი
9 (RLIN) 14890
700 ## - ADDED ENTRY--PERSONAL NAME
Personal name ფურცელაძე, ვ.
Relator term ავტორი
9 (RLIN) 14891
942 ## - ADDED ENTRY ELEMENTS (KOHA)
Koha item type წიგნი
Source of classification or shelving scheme
ეგზემპლარები
ჩამოწერის სტატუსი დაკარგული ეგზემპლარის სტატუსი კლასიფიკაციის წყარო ან თაროზე გაწყობის სქემა დაზიანების სტატუსი არ გაიცემა მუდმივი მდებარეობა (დაცვის ადგილი) ამჟამინდელი ადგილსამყოფელი თაროზე განთავსების ადგილი შეძენის თარიღი ღირებულება, შესყიდვის ნორმალური ფასი სრული შენახვის შიფრი შტრიხკოდი ბოლო ოპერაციის თარიღი ეგზემპლარის მიმდევრობითი ნომერი (კეტერი?) ფასის ძალაში შესვლის თარიღი ეგზემპლარის სახეობა საჯარო შენიშვნა
          ბათუმის შოთა რუსთაველის სახელმწიფო უნივერსიტეტის მთავარი ბიბლიოთეკა ბათუმის შოთა რუსთაველის სახელმწიფო უნივერსიტეტის მთავარი ბიბლიოთეკა წიგნსაცავი 2018-12-17 7.00 821.112.2-84(075.8):811.112.2(075.8) ბ-90 56758 2018-12-17 56758 2018-12-17 წიგნი 7.00 ₾.